|
|
|
|
| LEADER |
00000nam0a2200000 4500 |
| 001 |
107381 |
| 005 |
20231101214727.0 |
| 010 |
|
|
|a 5276006911
|
| 035 |
|
|
|a (RuTPU)RU\TPU\book\115939
|
| 090 |
|
|
|a 107381
|
| 100 |
|
|
|a 20061222d2006 m y0rusy50 ca
|
| 101 |
0 |
|
|a rus
|
| 102 |
|
|
|a RU
|
| 105 |
|
|
|a y j 001zy
|
| 200 |
1 |
|
|a Природоресурсное право Российской Федерации
|e учебное пособие для вузов
|f Г. В. Чубуков
|g Московский государственный индустриальный университет; Институт дистанционного образования
|
| 205 |
|
|
|a 2-е изд., испр. и доп.
|
| 210 |
|
|
|a Москва
|c МГИУ
|d 2006
|
| 215 |
|
|
|a 254 с.
|
| 320 |
|
|
|a Библиогр.: с. 253-254.
|
| 330 |
|
|
|a В учебном пособии раскрываются законодательные и другие правовые основы владения, пользования и распоряжения природными ресурсами, объектами и иными компонентами окружающей природной среды, правовые режимы их рационального использования при осуществлении хозяйственной и иной антропогенной деятельности. Изложены сведения о правовых средствах охраны природных объектов и ресурсов как основы устойчивого развития жизни и деятельности народов, проживающих на территории Российской Федерации. Пособие предназначено для студентов, обучающихся по специальности "Юриспруденция", а также для работников государственных и правоохранительных органов.
|
| 606 |
1 |
|
|a Природоресурсное право
|2 stltpush
|3 (RuTPU)RU\TPU\subj\68173
|9 83656
|
| 610 |
1 |
|
|a право
|
| 610 |
1 |
|
|a земельное право
|
| 610 |
1 |
|
|a земельное законодательство
|
| 610 |
1 |
|
|a природоресурсное право
|
| 610 |
1 |
|
|a природные ресурсы
|
| 610 |
1 |
|
|a управление
|
| 610 |
1 |
|
|a государственные кадастры
|
| 610 |
1 |
|
|a земельные ресурсы
|
| 610 |
1 |
|
|a правовые режимы
|
| 610 |
1 |
|
|a земельные участки
|
| 610 |
1 |
|
|a право собственности
|
| 610 |
1 |
|
|a плата
|
| 610 |
1 |
|
|a недра
|
| 610 |
1 |
|
|a недропользование
|
| 610 |
1 |
|
|a лесной фонд
|
| 610 |
1 |
|
|a водный фонд
|
| 610 |
1 |
|
|a особо охраняемые природные территории
|
| 610 |
1 |
|
|a учебные пособия
|
| 610 |
1 |
|
|a Российская Федерация
|
| 686 |
|
|
|a Х625я73
|v LBC/SL-A
|2 rubbk
|
| 700 |
|
1 |
|a Чубуков
|b Г. В.
|g Георгий Васильевич
|
| 712 |
0 |
2 |
|a Московский государственный индустриальный университет (МГИУ)
|b Институт дистанционного образования
|2 stltpush
|3 (RuTPU)RU\TPU\col\12623
|
| 801 |
|
1 |
|a RU
|b 63413507
|c 20061222
|g PSBO
|
| 801 |
|
2 |
|a RU
|b 63413507
|c 20230314
|g PSBO
|
| 900 |
|
|
|a Правоведение
|
| 942 |
|
|
|c BK
|
| 954 |
|
|
|b 030500
|